Personnalités italiennes - Statistiques

Statistiques générales
  • Ce quiz a été pris 72 fois
  • Le résultat moyen est 14 sur 31
Statistiques - réponses
Par images Hint Réponse % Correct
Peintre/ scientifique Leonard de Vinci
89%
homme d'état Benito Mussolini
82%
Mannequin Carla Bruni
79%
actrice/mannequin Monica Bellucci
79%
politique Giorgia Meloni
74%
Politique Silvio Berlusconi
74%
Astronome Galilée
62%
footballeur Marco Verrati
62%
footballeur Gianluigi Buffon
61%
chanteur Luciano Pavarotti
61%
Compositeur Antonio Vivaldi
56%
pilote moto Valentino Rossi
56%
marchand/ explorateur Marco Polo
55%
acteur Rocco Siffredi
52%
Acteur Lino Ventura
45%
peintre/ sculpteur Michel-ange
42%
chanteur Eros Ramazzotti
41%
acteur Roberto benigni
41%
chanteur Andrea Bocelli
38%
influenceur Khaby Lame
36%
acteur Yves Montand
35%
chanteuse Laura Pausini
33%
actrice Sophia Loren
33%
chanteur Zucchero
32%
cycliste Marco Pantani
29%
acteur Bud Spencer
21%
musicien Ennio Morricone
20%
illusionniste Arturo Brachetti
17%
chanteur Toto Cutugno
17%
actrice Ornella Mutti
14%
actrice Asia Argento
5%
Aucun quiz correspondant
Distribution des résultats
% des personnes avec chaque résultat
Percentile par nombre de réponses
Votre historique - résultats
Vous n’avez pas pris ce quiz